Library of the University of Algiers 3
Ibrahim Sultan Cheibout
شعار جامعة الجزائر 3
مكتبة جامعة الجزائر 3
إبراهيم سلطان شيبوط

الاقتصاد الكلي : (رقم التسجيلة. 46285)

تفاصيل مارك
000 -LEADER
fixed length control field 01062nam a2200241Ia 4500
003 - CONTROL NUMBER IDENTIFIER
control field Ost
005 - DATE AND TIME OF LATEST TRANSACTION
control field 20260507075802.0
008 - FIXED-LENGTH DATA ELEMENTS--GENERAL INFORMATION
fixed length control field 260507s9999||||xx |||||||||||||| ||und||
020 ## - INTERNATIONAL STANDARD BOOK NUMBER
International Standard Book Number 9789947868324
040 ## - CATALOGING SOURCE
Transcribing agency fsecg
041 ## - LANGUAGE CODE
Language code of text/sound track or separate title ara
082 ## - DEWEY DECIMAL CLASSIFICATION NUMBER
Classification number 330.0151
100 ## - MAIN ENTRY--PERSONAL NAME
Personal name معطيب، بشير
Relator term مؤلف
245 #0 - TITLE STATEMENT
Title الاقتصاد الكلي :
Remainder of title دروس وتمارين /
Statement of responsibility, etc. بشير معطيب
250 ## - EDITION STATEMENT
Edition statement طبعة 2
260 ## - PUBLICATION, DISTRIBUTION, ETC.
Place of publication, distribution, etc. الجزائر :
Name of publisher, distributor, etc. منشورات كليك,
Date of publication, distribution, etc. 2013
300 ## - PHYSICAL DESCRIPTION
Extent 213 صفحة؛
Other physical details إيضاحات ؛
Dimensions 24 سم
504 ## - BIBLIOGRAPHY, ETC. NOTE
Bibliography, etc. note بيبليوغرافيا: ص ص.214-218
520 ## - SUMMARY, ETC.
Summary, etc. يتناول الكتاب ملف قياس النشاط الاقتصادي، ملف نموذج الدخل والانفاق، ملف نموذج أو IS/LM، ملف نموذج IS/LM/BP، ملف النموذج الكلاسيكي، ملف العرض الكلي والطلب الكلي، ملف البطالة والتضخم .
653 ## - INDEX TERM--UNCONTROLLED
Uncontrolled term الاقتصاد- الطرق الرياضية
653 ## - INDEX TERM--UNCONTROLLED
Uncontrolled term الاقصاد
942 ## - ADDED ENTRY ELEMENTS (KOHA)
Koha item type كتب
المقتنيات
Withdrawn status Lost status Source of classification or shelving scheme Damaged status Not for loan Home library Current library Date acquired Serial enumeration / chronology Inventory number Total checkouts Full call number Barcode Date last seen Price effective from Koha item type
    Library of Congress Classification   NOT LOAN / إعارة داخلية مكتبة كلية العلوم الإقتصادية والعلوم التجارية وعلوم التسيير مكتبة كلية العلوم الإقتصادية والعلوم التجارية وعلوم التسيير 07/05/2026 الطابق الأرضي 025.21/539   488/025.21ن01 025.21/539 07/05/2026 07/05/2026 كتب

موارد الويب المفتوحة


© University of Algiers 3 All Rights Reserved
|
Implemented by LECHELAH Riad